000 00829nam a22002657a 4500
003 CHAP
005 20220329141607.0
008 971013s1965 r 00010 d
010 _a70685
011 _a71657
035 _a81211
040 _cCHAP
090 _aFolleto 2939
110 _aAgencia para el Desarrollo Internacional
_91116
245 _a8 puntos sobre las cooperativas de crédito
260 _aMéxico, D.F. :
_bCentro Regional de Ayuda Técnica,
_c1965
300 _as.p.
590 _aBATCH-UPD
_b10
_c20130110
_lUCH01
_h2234
590 _aCONVERSION
_b10
_c20130109
_lUCH01
_h1339
650 1 4 _aSociedades cooperativas
_xColima.
_9108124
901 _aBK
942 _cFOLL
949 _aFolleto 2939
_bBC
_cFOLL
_d-34426
_eTS1
_i81211
_mD.
_si
949 _aFolleto 2939
_bBC
_cFOLL
_d-34427
_eTS2
_fc.2
_i81211
_mD.
_si
999 _c70685
_d70685